Geography Quiz

Random Geography or City Quiz

City Profile: Chicago Quiz Stats

Quiz Updated Jan 24, 2017

Also try: Illinois Cities
Challenge
Share
Tweet
Embed
Score 0/46 Timer 05:00
7 Plays Today
Category Chicago Thing % Correct
CountryUnited States of America
98.3%
StateIllinois
97.8%
Bordering Great LakeLake Michigan
91.6%
Famous Nickname(s)The Windy City
91.4%
MLB TeamChicago Cubs
88.6%
NFL TeamChicago Bears
88.4%
MLB TeamChicago White Sox
86.7%
NBA TeamChicago Bulls
85.6%
Tallest BuildingWillis Tower
82.8%
Major RiverChicago River
81.4%
StadiumWrigley Field
80%
Major AirportO'Hare International Airport
77.3%
NHL TeamChicago Blackhawks
76.9%
Time ZoneCentral
73.9%
Major NewspaperChicago Tribune
73.4%
StadiumSoldier Field
62.9%
CountyCook
58.9%
MLS TeamChicago Fire
57.4%
Major AirportChicago Midway International Airport
53.2%
Main shopping streetMichigan Avenue
50.8%
Major NewspaperChicago Sun-Times
50.1%
MayorRahm Emanuel
46.9%
ArenaUnited Center
45.9%
Category Chicago Thing % Correct
Ferris Wheel LocationNavy Pier
45.9%
StadiumGuaranteed Rate Field
45.5%
Largest ParkLincoln Park
43%
AquariumShedd Aquarium
39.3%
Downtown NicknameThe Loop
38.9%
Museum housing a T-RexThe Field Museum of Natural History
37%
Street above also known asThe Magnificent Mile
34.3%
Largest Private UniversityDePaul University
32.2%
Year of Great Fire1871
32%
One of America's Last Free ZoosLincoln Park Zoo
31.6%
2nd Tallest BuildingTrump International Hotel & Tower Chicago
30.4%
Building Survived the Great FireThe Chicago Water Tower
27.6%
Famous Fountain (Love and Marriage)Buckingham Fountain
27.5%
Art Museum as well as a UniversityThe Art Institute of Chicago
27.2%
Lakefront PlanetariumAdler Planetarium
26.6%
Chicago Theatre is on this streetState Street
25%
Intercity Rail TerminalUnion Station
19.1%
FieldToyota Park
16.8%
Cloud Gate LocationMillennium Park
16.3%
First Publicly Traded Stock ExchangeChicago Mercantile Exchange
12%
MottoCity in a Garden
11.1%
Major RiverCalumet River
8.1%
Site of John Dillinger's DeathBiograph Theater
7%

You're not logged in!

Compare scores with friends on all Sporcle quizzes.
Join for Free
OR
Log In

You Might Also Like...

Show Comments

Extras

Top Quizzes Today


Score Distribution

Your Account Isn't Verified!

In order to create a playlist on Sporcle, you need to verify the email address you used during registration. Go to your Sporcle Settings to finish the process.

Report this User

Report this user for behavior that violates our Community Guidelines.

Details: